000
00309nam a22001457a 4500
008
210309b ||||| |||| 00| 0 eng d
020
_a
0670866385
041
_a
eng
080
_a
902
082
_a
902
100
_a
45
101
_a
ARKEO
245
_a
The Nendertal Engima
_c
Shreeve, J
942
_2
udc
_c
BK
999
_c
56106
_d
56106